书目信息 |
| 题名: |
幼儿园教育与管理研究
|
|
| 作者: | 张怡雷 , 梁玉美 , 贾芳 编著 | |
| 分册: | ||
| 出版信息: | 北京 中国书籍出版社 2016 |
|
| 页数: | 262页 | |
| 开本: | 26cm | |
| 丛书名: | 高校人文社科研究论著丛刊 | |
| 单 册: | ||
| 中图分类: | G612 , G617 | |
| 科图分类: | ||
| 主题词: | 学前教育--教学研究 , 幼儿园--管理 | |
| 电子资源: | ||
| ISBN: | 978-7-5068-4908-1 | |
| 000 | 01304oam2 2200289 450 | |
| 001 | 6010 | |
| 005 | 20180530102421.98 | |
| 010 | @a978-7-5068-4908-1@dCNY56.00 | |
| 100 | @a20161213d2016 em y0chiy50 ea | |
| 101 | 0 | @achi |
| 102 | @aCN@b110000 | |
| 105 | @aa z 000yy | |
| 200 | 1 | @a幼儿园教育与管理研究@9you er yuan jiao yu yu guan li yan jiu@f张怡雷,梁玉美,贾芳编著 |
| 210 | @a北京@c中国书籍出版社@d2016 | |
| 215 | @a262页@c图@d26cm | |
| 225 | 1 | @a高校人文社科研究论著丛刊 |
| 330 | @a本书对幼儿园教育与管理进行了研究,是作者通过充分整理和分析所搜集到的相关资料,并采纳幼儿园教育与管理一线的经验来撰写的,力求在理论与实践的结合上有所突破。主要内容包括:幼儿园教育的基本概述;幼儿园心理健康教育;幼儿园教育活动设计;幼儿园美术教育、音乐教育活动设计与实施;幼儿园教师;幼儿园课程与科研管理;幼儿园环境创设与管理;幼儿园保教工作及班级管理;幼儿园卫生保健管理等。本书有具有科学性和时代性等特点,结构合理,条理清晰,内容丰富新颖,是一本值得学习研究的著作。 | |
| 461 | 0 | @12001 @a高校人文社科研究论著丛刊 |
| 606 | 0 | @a学前教育@x教学研究 |
| 606 | 0 | @a幼儿园@x管理 |
| 690 | @aG612@v5 | |
| 690 | @aG617@v5 | |
| 701 | 0 | @a张怡雷@9zhang yi lei@4编著 |
| 701 | 0 | @a梁玉美@9liang yu mei@4编著 |
| 701 | 0 | @a贾芳@9jia fang@4编著 |
| 801 | 0 | @aCN@b91MARC@c20161213 |
| 905 | @aMuseLib@dG612@e544 | |
| 幼儿园教育与管理研究/张怡雷,梁玉美,贾芳编著.-北京:中国书籍出版社,2016 |
| 262页:图;26cm.-(高校人文社科研究论著丛刊) |
| ISBN 978-7-5068-4908-1:CNY56.00 |
| 本书对幼儿园教育与管理进行了研究,是作者通过充分整理和分析所搜集到的相关资料,并采纳幼儿园教育与管理一线的经验来撰写的,力求在理论与实践的结合上有所突破。主要内容包括:幼儿园教育的基本概述;幼儿园心理健康教育;幼儿园教育活动设计;幼儿园美术教育、音乐教育活动设计与实施;幼儿园教师;幼儿园课程与科研管理;幼儿园环境创设与管理;幼儿园保教工作及班级管理;幼儿园卫生保健管理等。本书有具有科学性和时代性等特点,结构合理,条理清晰,内容丰富新颖,是一本值得学习研究的著作。 |
| ● |
| 相关链接 |
|
|
|
|
正题名:幼儿园教育与管理研究
索取号:G612/544
 
预约/预借
| 序号 | 登录号 | 条形码 | 馆藏地/架位号 | 状态 | 备注 |
| 1 | 1115731 | 211157317 | 第一样本阅览室/ [索取号:G612/544] | 在馆 | |
| 2 | 1115732 | 211157326 | 教育系资料室/ [索取号:G612/544] | 在馆 |